Escola Universitària d'Enginyeria Tècnica en Teixits de Punt, Centre adscrit a la Universitat Politècnica
Descripción Física:
18 p. : il. ; 21 cm
MARC
| LEADER | 00000nam a2200000Ia 4500 | ||
|---|---|---|---|
| 001 | 14812 | ||
| 008 | 160829s9999 xx 000 0 cat d | ||
| 080 | |a FU-31-8 | ||
| 110 | 2 | |a Escola Universitària d'Enginyeria Tècnica en Teixits de Punt (Canet de Mar) |9 54348 | |
| 245 | |a Escola Universitària d'Enginyeria Tècnica en Teixits de Punt, Centre adscrit a la Universitat Politècnica | ||
| 260 | |a [Barcelona] : |b Diputació de Barcelona, DL 1982 | ||
| 300 | |a 18 p. : |b il. ; |c 21 cm | ||
| 590 | |a Text bilingüe: català-castellà | ||
| 650 | |a Escola Universitària d'Enginyeria Tècnica en Teixits de Punt (Canet de Mar) | ||
| 710 | 1 | |a Barcelona (Catalunya : Província). |b Diputació |9 52408 | |
| 901 | |a Arxiu | ||
| 942 | |n 1 | ||
| 952 | |0 0 |1 0 |4 0 |6 FU318 |7 1 |9 43221 |a Arxiu |b Arxiu |d 2016-12-01 |l 0 |o FU-31-8 |p 14812 |r 2016-12-01 00:00:00 |w 2016-12-01 |y ARXIU | ||
| 999 | |c 45765 |d 45765 | ||